00250nam a2200097Ia 4500008004100000100001700041245003300058260003600091300000900127650001600136191201s2013 xx 000 0 und d aPRASAD, K.D. 0aAntenna and Wave Propagation aN. delhibSatya Prakashanc2013 a1282 aB.Tech(ECE)